000 00432nam a2200181Ia 4500
001 4847
005 20260306145824.0
008 260306t2006||||xx |||||||||||||| ||spa||
041 _aESP
082 _a330.98
_bK62
100 _aKliksberg, Bernardo
_eAUT
245 0 _aHacia una economía con rostro humano
260 _c2006
300 _a190 páginas :
_c23 cm.
650 _aGEN
654 _aCAN
942 _cLIB
_dJUS
_fJUS
_2ddc
_n
999 _c4847
_d4847